<?xml version="1.0" encoding="UTF-8"?><?xml-stylesheet type="text/xsl" href="static/style.xsl"?><OAI-PMH xmlns="http://www.openarchives.org/OAI/2.0/" xmlns:xsi="http://www.w3.org/2001/XMLSchema-instance" xsi:schemaLocation="http://www.openarchives.org/OAI/2.0/ http://www.openarchives.org/OAI/2.0/OAI-PMH.xsd"><responseDate>2026-04-27T08:15:48Z</responseDate><request verb="GetRecord" identifier="oai:uvadoc.uva.es:10324/7281" metadataPrefix="marc">https://uvadoc.uva.es/oai/request</request><GetRecord><record><header><identifier>oai:uvadoc.uva.es:10324/7281</identifier><datestamp>2025-02-19T08:21:34Z</datestamp><setSpec>com_10324_38</setSpec><setSpec>col_10324_852</setSpec></header><metadata><record xmlns="http://www.loc.gov/MARC21/slim" xmlns:doc="http://www.lyncode.com/xoai" xmlns:xsi="http://www.w3.org/2001/XMLSchema-instance" xmlns:dcterms="http://purl.org/dc/terms/" xsi:schemaLocation="http://www.loc.gov/MARC21/slim http://www.loc.gov/standards/marcxml/schema/MARC21slim.xsd">
<leader>00925njm 22002777a 4500</leader>
<datafield tag="042" ind1=" " ind2=" ">
<subfield code="a">dc</subfield>
</datafield>
<datafield tag="720" ind1=" " ind2=" ">
<subfield code="a">Asensio González, Esther</subfield>
<subfield code="e">author</subfield>
</datafield>
<datafield tag="260" ind1=" " ind2=" ">
<subfield code="c">2014</subfield>
</datafield>
<datafield tag="520" ind1=" " ind2=" ">
<subfield code="a">El medio sociocultural que rodea al niño es el principal percusor en sus aprendizajes. El contexto familiar y escolar con los principales agentes socializadores que ayudan al niño a conocerse y a formarse, integramente, como persona. Las personas, desde su nacimiento, se encuentran inmersas en un mundo complejo y de dificil comprensión, pero a medida que van desarrollándose van descubriendo, experimentando y dando significado al mundo que los rodea. A través de este Trabajo Fin de Grado se pretende elaborar una propuesta didáctica enfocada a que los niños conozcan la realidad sociocultural en la que se encuentran aprendiendo diferentes contenidos e ir dando significados a diferentes contextos donde se desenvuelven frecuentemente como puede ser el medio rural y el medio urbano.</subfield>
</datafield>
<datafield tag="024" ind2=" " ind1="8">
<subfield code="a">http://uvadoc.uva.es/handle/10324/7281</subfield>
</datafield>
<datafield ind1=" " ind2=" " tag="653">
<subfield code="a">Educación social - Educación infantil</subfield>
</datafield>
<datafield tag="245" ind1="0" ind2="0">
<subfield code="a">La comprensión de los medios socioculturales en la etapa de Educación Infantil</subfield>
</datafield>
</record></metadata></record></GetRecord></OAI-PMH>